| 000 | 00977aas a2200217 4500 | ||
|---|---|---|---|
| 999 |
_c3754 _d3754 |
||
| 003 | BR-BrBNA | ||
| 005 | 20230317233907.0 | ||
| 007 | ta | ||
| 008 | 230119b bl ||||| |||| 00| 0 por d | ||
| 035 | _a000485-5 | ||
| 040 |
_aBR-BrBNA _bPor _cBR-BrBNA |
||
| 042 | _aN | ||
| 044 | _abl | ||
| 245 | _aSérie Produtor - Empresa Paranaense de Assistência Técnica e Extensão Rural (Brazil) | ||
| 260 |
_aCuritiba-PR _bEmpresa Paranaense de Assistência Técnica e Extensão Rural _c1991 _eBPR |
||
| 270 | _aRua das Bandeiras, 500 - Caixa Postal, 1662 - Cep: 80035-270 | ||
| 310 | _airregular | ||
| 505 | _a1991 (3,5); 1993 (14); 1994 (20); 1995 (7,18); 1998 (22); 1999 (24-26,27 2ºed,28,30-31,33-34); 2000 (16 10ºed,26 2ºed,29,31 2ºed,35-55,57,59-65,67-68,70,92); 2001 (32 4ºed,71-72,74-78,80-87,93-95); 2002 (101-103); 2006 (97); 2009 (119-121); 2010 (122-123,125-131); 2011 (134,136-139); 2012 (135); 2013 (144); 2015 (149-150); | ||
| 909 |
_a56 _bSergio Santos _c56 _dSergio Santos |
||
| 942 |
_cCR _2AGRIS |
||